Language Quiz

Random Language Quiz

Ecce Romani Ch. 19 Grammar (Perfect Tense) Quiz Stats

 Plays Quiz not verified by Sporcle

Score 0/10 Timer 10:00
0 Plays Today
Hint Answer % Correct
custodiveruntcustodivit
95.8%
timuittimuerunt
95.8%
traxerunttraxit
95.8%
misitmiserunt
95.8%
cenaverunt cenavit
91.7%
doluitdoluerunt
91.7%
volueruntvoluit
91.7%
haesithaeserunt
91.7%
spectavitspectaverunt
87.5%
manseruntmansit
87.5%

You're not logged in!

Compare scores with friends on all Sporcle quizzes.
OR
Log In

You Might Also Like...

Show Comments

Extras

Top Quizzes Today


Score Distribution

Your Account Isn't Verified!

In order to create a playlist on Sporcle, you need to verify the email address you used during registration. Go to your Sporcle Settings to finish the process.

Report this User

Report this user for behavior that violates our Community Guidelines.

Details: